Представление документа в формате RUSMARC

ПолеНазваниеЗначение
  Тип записи a
  Библиографический уровень a
001 Контрольный номер RU/CBS_Ul/BASE/516220932
005 Дата корректировки 20250124014516.6
100 Данные общей обработки __
a Данные общей обработки 20160510d2016 ||| 0rusy0189 ca
101 Язык документа 0_
a Язык текста rus
102 Страна публикации __
a Страна публикации RU
105 Кодированные данные (монография) __
a Кодированные данные (монография) y###||||000|y
200 Заглавие и сведения об ответственности 1_
a Заглавие Госпожа Пасха
b Общее обозначение материала Текст
e Сведения, относящиеся к заглавию [внеклассное мероприятие для 1-5 классов]
300 Общие примечания __
a Общие примечания Ограничения по возрасту - 12+
461 Уровень набора _0
1 2000
a После уроков
463 Уровень физической единицы _0
1 001RU/CBS_Ul/BASE/516217273
1 2000
a № 7-8
v С. 4-6
1 210
d 2016
606 Тематические рубрики 0_
a Основная рубрика Сценарии - Православные праздники
610 Ключевые слова 0_
a Ключевые слова мероприятия
a Ключевые слова Христово Воскресенье
a Ключевые слова светлый день
a Ключевые слова Пасха
a Ключевые слова праздники
686 Индексы других классификаций __
a Классификационный индекс 74.200.58
2 Код системы ББК
801 Источник записи _0
a Страна RU
b Организация МБУК ЦБС г. Ульяновска
c Дата составления 20160510
g Правила каталогизации RCR
801 Источник записи _1
a Страна RU
b Организация МБУК ЦБС г. Ульяновска
c Дата составления 20160510
g Правила каталогизации RCR
901 Тип документа __
t Тип документа f
w Контрольный № источника RU/CBS_Ul/BASE/516217273
910 Корректоры записи __
a Корректор записи Библиотека 3
938 Служебная информация __
a Имя БД period